000 01204nam a2200313 i 4500
003 EG-GICUC
005 20260121101528.0
008 251220s2015 ua ||||fr|||| 000 0 ara d
040 _a EG-GICUC
_bara
_c EG-GICUC
_d EG-GICUC
_erda
041 0 _aara
082 0 4 _221
_a343.556
_bع م . ع
092 0 4 _221
099 _aLaw1 10 343.556 ع م . ع 2015
100 0 _aعماد عدس
_eمؤلف.
245 1 2 _aالعدالة الجنائية :
_bفي إطار مواثيق حقوق الإنسان والدستور المصري 2014 /
_cدكتور عماد عدس.
264 1 _a[غير محدد] :
_b[غير محدد]،
_c2015.
300 _a254 صفحة ؛
_c24 سم.
336 _2rda content
_atext
337 _2rda media
_aComputer
338 _2rda carrier
_aOnline Resource
504 _aببليوجرافيا: صفحات 247-252.
504 _aيشتمل على إرجاعات ببليوجرافية.
546 _aالنص باللغة العربية
650 1 _aموضوعات أخرى فى القانون الجنائي الدولي
_2qrmak
651 1 _2qrmak
856 4 0 _uhttps://fll.law.cu.edu.eg/fulltext/bks/B10-07446.pdf
905 _a62
942 _2ddc
_cBK
_e21
_n0
999 _c51913
_d51913